000 00866nam a22002417a 4500
005 20250122163923.0
008 250121b |||||||| |||| 00| 0 eng d
020 _a978-1-032-28636-5 (pbk)
037 _cTB
040 _aCRL
_cCRL
041 _2eng
_aeng
084 _aS4(X8(A)) R4
_qCRL
245 _aOrganisational psychology:
_bAn essential guide
260 _aLondon, UK:
_bRoutledge,
_c2024
300 _axv,250p.
650 _bPsychology
653 _aPsychology
700 _aYates, Julia (Editor)
_9734773
700 _aZibarras, Lara (Editor)
_9734774
700 _aMahmood, Lynsey (Editor)
_9734775
942 _2CC
_cTB
_hS4(X8(A)) R4
_n0
999 _c1238213
_d1238213